00710nam a2200193Ia 450000500170000000800410001702000190005808200170007710000410009424500220013525000120015726000590016930000110022850000430023965000230028294200070030599900170031295201870032920260421133658.0260421s9999 xx 000 0 und d a978-0134734828 a658.8bSCH-C aSchiffman, Leon.aWisenblit, Joseph  0aConsumer behavior a12th Ed aUnited States of AmericabPearson Education, Incc2019 a509 p. aIncludes a subjects index and Credits. aBusiness Marketing cBK c47366d47366 00w2026-04-211040708Business AdministrationaAUKCbAUKCcMarketing Managementd2026-04-09eAli Book Serviceg2851.00iKA/10221l0o658.8 SCH-CpAUKHP0595r2026-04-21 13:37:57yBK